000 00392nam a2200169Ia 4500
008 210707s1983 xx 000 0 und d
041 _aeng
082 _a923.3 KAMI
100 _aKAMAT (M V)
245 _aInnovative banker.
260 _aManipal
_bT A Pai memorial committee
_c1983
300 _a247 p
365 _b55
_cINR
563 _aHB
650 _aBiography
906 _aPai TA
999 _c180095
_d180095